Statistics for Power Rangers Part 1

Click here to take the quiz!

General Stats

  • This quiz has been taken 297 times
  • The average score is 8 of 26

Answer Stats

HintAnswer% Correct
Delphine was what colour?White
93%
The expert fighter or Corcus wore which colour suit?Black
81%
Tommy Oliver was which colour ranger?Red
81%
The strongman wore which colour ranger suit?Yellow
79%
Name of the 1993 main teamMighty Morphin' Power Rangers
62%
Trini Kwan was the originalYellow Ranger
53%
How many members of this team were there?5
46%
Tommy and Tom Oliver where what colour ranger?Green Ranger
42%
Instead of a black ranger this team had a what ranger?Gold
35%
Adam Park is the last version of this rangerBlack Ranger
32%
How many members of this team had previously been rangers?4
31%
Rocky DeSantos is most commonly known as the last what ranger?Red Ranger
31%
Tommy Oliver is the only what colour ranger?White Ranger
27%
Other than Tommy Oliver's ranger what other colour has only been one person?Blue Ranger
22%
In this team which colour ranger made its first appearance?Silver
22%
Other than the 1993 team the second team also teamed up with which team?Zeo Rangers
13%
The next incarnation were called the what?Space Rangers
8%
And this title belonged to which character?Zhane
7%
Who was the only alien of this team?Maya
6%
This team made also had an amazing team up with which other awesome team?Teenage Mutant Ninja Turtles
6%
The 1993 coexisted with which other rangers?Aquitar Rangers
5%
Other than the main five which other hero helped the team?Auric
4%
The field commander had which title?Aurico
3%
The Pink ranger was originally who?Kimberley Ann Hart
1%
The Blue Aquitar ranger had which specific role?Technical expert
0%
Which Incarnation occured next?The Galaxy Rangers
0%

Score Distribution

Percentile by Number Answered

Percent of People with Each Score

Your Score History

You have not taken this quiz